Sons de l'album "Saison 2" de Kerchak. - Statistiques

Statistiques générales
  • Ce quiz a été pris 169 fois
  • Le résultat moyen est 11 sur 16
Statistiques - réponses
Numéro Titre % Correct
15 Saison 2
95%
3 T'aimerais (feat. Ziak)
85%
13 Ferrero (feat. Gambi)
82%
7 2006 - Opps qui court
78%
9 Mi-Temps (feat.RnBoi)
75%
11 Cagoule (feat. HOUDI)
73%
1 Go
65%
2 Beugeu
64%
8 BigKerch
63%
6 Junior
63%
14 Fame
60%
10 Papel
59%
4 J'vise
58%
5 Coupé (feat. Dinos)
55%
12 Roule un autre
55%
16 Chargeur
54%
Aucun quiz correspondant
Distribution des résultats
% des personnes avec chaque résultat
Percentile par nombre de réponses
Votre historique - résultats
Vous n’avez pas pris ce quiz